1631 1419 1428 1144 1759 1320 1424 1605 1798 1422 1446 1042 1236 1823 1094 1716 1929 1856 1414 1860 1846 1714 1636 1923 1650 1258 1675 1650 1389 1520 1278 1208 1369 1564 1063 1957 1604 1178 1989 1674 1445 1733 1233 1031 1856 1105 1786 1341 1378 1939 1329 1351 1566 1172 1631 1192 1779 1196 1308 1634 1779 1297 1053 1719 1544 1874 1552 1806 1754 1672 1825 1462 1789 1616 1886 1261 1989 1229 1197 1473 1605 1614 1571 1274 1397 1711 1810 1827 1831 1695 1693 1381 1515 1723 1558 1453 1543 1319 1486 BCNSPRNW ULIB Ver.6.0+V

เปลี่ยนเป็นภาษาไทย

Change to English
 แสดงรายละเอียดบรรณานุกรม
  กลับหน้าหลัก

Brief Record : Get Marc (ISO 2709) : E-mail record : QR code < ปิดหน้าต่าง
LEADER : 00000nam 2200000uu 4500
001    13399124744
003     ULIB
008    160215s2553||||th 000 0 tha d
099    ^aวจ.WM172^bว491ค
100 0  ^aวาสนา คงคะดี
245 00 ^aความสัมพันธ์ระหว่างวิธีการเผชิญความเครียดกับความผาสุกโดยทั่วไปในมารดาที่บุตรเข้ารับการรับการรักษาในหอผู้ป่วยกุมารเวช 1 โรงพยาบาลสวรรค์ประชารักษ์/^cวาสนา คงคะดี และ สิริกานต์ แรงกสิกร
260    ^aนครสวรรค์ :^bวิทยาลัยพยาบาลบรมราชชนนี สวรรค์ประชารักษ์ นครสวรรค์,^c2553
300    ^a58 หน้า
650  7 ^aความเครียดของมารดา^xวิจัย
650  7 ^aผู้ป่วยกุมารเวช^xวิจัย
700 0  ^aสิริกานต์ แรงกสิกร
710 1  ^aวิทยาลัยพยาบาลบรมราชชนนี สวรรค์ประชารักษ์ นครสวรรค์
945    ^p0^l0^i23275
995    ^aทศพร
999    ^aทศพร เกษรทอง
รายการนี้ยังไม่มีแท็ก
คุณยังไม่ได้ล็อกอิน คุณสามารถมีกิจกรรมร่วมกับเว็บไซต์ได้ แต่ต้องล็อกอินก่อน ::
  ล็อกอิน

รายการสื่อสารสนเทศ

ลำดับที่ ประเภท เลขเรียก/บาร์โค้ด สถานที่ สถานะ
1. งานวิจัย
งานวิจัย
วจ.WM172 ว491ค ฉ.1 
  Barcode: 23275
ห้องสมุดวิทยาเขตนครสวรรค์
►วิจัย:l:Research Room
บนชั้น

รายการใกล้เคียง
    ผู้แต่ง [วาสนา คงคะดี]

BibComment


ยังไม่เคยถูกคอมเมนท์

คอมเมนท์ทรัพยากรรายการนี้
  คอมเมนท์: ความสัมพันธ์ระหว..


 Copyright 2026. Bcnsprnw @Library